000 00616nam a2200217Ii 4500
003 JO-AjNU
008 230606s9999||||xx |||||||||||||| ||und||
020 _a0-06-052449-9
040 _aJO-AjNU
_beng
_erda
_cJO-AjNU
041 _aeng
050 1 4 _aPN4129.15.N35 2004
100 3 _aNaistadt, lvy,
_eauthor
_92016
245 0 0 _aSPEAK Without Fear
250 _a1 ed
264 3 1 _aNew York:COLLINS An Of Harper Collins Publishers, 2005
300 _a211P
336 _atext
_btxt
_2rdacontent
337 _aunmediated
_bn
_2rdamedia
338 _avolume
_bnc
_2rdacarrier
650 4 _aspeaking - taeching
_92017
999 _aE1059
_c1059
_d1059